|
|
|
|
| LEADER |
00000nam0a2200000 4500 |
| 001 |
86605 |
| 005 |
20231101213505.0 |
| 035 |
|
|
|a (RuTPU)RU\TPU\book\93003
|
| 090 |
|
|
|a 86605
|
| 100 |
|
|
|a 20051128d2005 m y0rusy50 ca
|
| 101 |
0 |
|
|a rus
|
| 102 |
|
|
|a RU
|
| 105 |
|
|
|a a j 001zy
|
| 200 |
1 |
|
|a Инженерная графика
|e учебное пособие
|f Г. Ф. Винокурова
|g Томский политехнический университет; Институт дистанционного образования
|
| 210 |
|
|
|a Томск
|c Изд-во ТПУ
|d 2005
|
| 215 |
|
|
|a 132 с.
|c ил.
|
| 320 |
|
|
|a Библиогр.: с. 129.
|
| 451 |
|
1 |
|0 (RuTPU)RU\TPU\book\78599
|t Инженерная графика
|o учебное пособие
|f Г. Ф. Винокурова, Б. Л. Степанов
|g Томский политехнический университет; Институт международного образования
|c Томск
|n Изд-во ТПУ
|d 2005
|p 110 с.
|a Винокурова, Галина Федоровна
|
| 606 |
1 |
|
|a Инженерная графика
|2 stltpush
|3 (RuTPU)RU\TPU\subj\39243
|9 59411
|
| 610 |
1 |
|
|a начертательная геометрия
|
| 610 |
1 |
|
|a проектирование
|
| 610 |
1 |
|
|a виды
|
| 610 |
1 |
|
|a многогранники
|
| 610 |
1 |
|
|a изображения
|
| 610 |
1 |
|
|a кривые линии
|
| 610 |
1 |
|
|a поверхности
|
| 610 |
1 |
|
|a аксонометрические проекции
|
| 610 |
1 |
|
|a чертежи
|
| 610 |
1 |
|
|a изделия
|
| 610 |
1 |
|
|a составные части
|
| 610 |
1 |
|
|a конструкторская документация
|
| 610 |
1 |
|
|a разрезы
|
| 610 |
1 |
|
|a сечения
|
| 610 |
1 |
|
|a размеры
|
| 610 |
1 |
|
|a соединения
|
| 610 |
1 |
|
|a детали
|
| 610 |
1 |
|
|a эскизы
|
| 610 |
1 |
|
|a учебные пособия
|
| 675 |
|
|
|a 76:621(075.8)
|v 3
|
| 700 |
|
1 |
|a Винокурова
|b Г. Ф.
|c специалист в области начертательной геометрии
|c доцент Томского политехнического университета, кандидат технических наук
|f 1952-
|g Галина Федоровна
|2 stltpush
|3 (RuTPU)RU\TPU\pers\27776
|
| 712 |
0 |
2 |
|a Томский политехнический университет (ТПУ)
|b Институт дистанционного образования (ИДО)
|2 stltpush
|3 (RuTPU)RU\TPU\col\12625
|
| 801 |
|
1 |
|a RU
|b 63413507
|c 20051128
|g PSBO
|
| 801 |
|
2 |
|a RU
|b 63413507
|c 20210130
|g PSBO
|
| 942 |
|
|
|c BK
|